Luận về nghĩa và lí của Tứ bất tử /

Spremljeno u:
Bibliografski detalji
Glavni autor: Đặng Văn Lung, PGS.PTS.
Format: Članak
Jezik:Vietnamese
Teme:
Oznake: Dodaj oznaku
Bez oznaka, Budi prvi tko označuje ovaj zapis!
Thư viện lưu trữ: Thư viện Trường Đại học Đà Lạt
LEADER 00679nam a2200253 4500
001 DLU090075307
005 ##20090527
040 # # |a DLU  |b vie 
041 # # |a vie 
044 # # |a vn 
100 # # |a Đặng Văn Lung,   |c PGS.PTS. 
245 # # |a Luận về nghĩa và lí của Tứ bất tử /  |c Đặng Văn Lung. 
653 # # |a Tín ngưởng dân gian  
653 # # |a Triết học phương đông  
653 # # |a Văn hoá dân gian  
773 # # |t Tạp chí văn học  |g Số 9, 1999, tr. 36-40,82 
994 # # |a DLU 
900 # # |a True 
911 # # |a Nguyễn Thị Linh Chi 
925 # # |a G 
926 # # |a A 
927 # # |a BB 
980 # # |a Thư viện Trường Đại học Đà Lạt